书目信息 |
| 题名: |
实用农药技术
|
|
| 作者: | 首都绿化委员会办公室 主编 | |
| 分册: | ||
| 出版信息: | 北京 中国林业出版社 2000.01 |
|
| 页数: | 127页 | |
| 开本: | 32开 | |
| 丛书名: | ||
| 单 册: | ||
| 中图分类: | S48 | |
| 科图分类: | ||
| 主题词: | 植物? | |
| 电子资源: | ||
| ISBN: | 7-5038-2463-8 | |
| 000 | 00589nam0 2200193 45 | |
| 001 | 0008020899 | |
| 005 | 20001229151127.6 | |
| 010 | @a7-5038-2463-8@d10.00元 | |
| 100 | @a20000802d2000 km y0chiy0120 ea | |
| 101 | 0 | @achi |
| 105 | @a z 000yy | |
| 200 | 1 | @a实用农药技术@AShi Yong Nong Yao Ji Shu@f首都绿化委员会办公室主编@FShou Du Lu Hua Wei Yuan Hui Ban GongShi Zhu Bian |
| 210 | @a北京@c中国林业出版社@d2000.01 | |
| 215 | @a127页@d32开 | |
| 606 | 0 | @a植物? |
| 690 | @aS48@v3 | |
| 701 | 0 | @a首都绿化委员会办公室@4主编 |
| 801 | @aCN@bPftUser@c20000802 | |
| 905 | @dS48@eS:472@b317767@f1 | |
| 实用农药技术/首都绿化委员会办公室主编.-北京:中国林业出版社,2000.01 |
| 127页;32开 |
| ISBN 7-5038-2463-8:10.00元 |
| ● |
| 相关链接 |
|
|
|
正题名:实用农药技术
索取号:S48/S:472
 
预约/预借
| 序号 | 登录号 | 条形码 | 馆藏地/架位号 | 状态 | 备注 |
| 1 | 317767 | 203177677 | 自科库401/401自科库 67排4列2层/ [索取号:S48/S:472] | 在馆 |